Sly and the Family Stone Discography - Statistics

General Stats
  • This quiz has been taken 4 times
  • The average score is 8 of 26
Answer Stats
Type Year Name % Correct
Album 1968 Dance to the Music
100%
Compilation 1970 Greatest Hits
100%
Album 1973 Fresh
75%
Album 1969 Stand!
75%
Album 1971 There's a Riot Goin' On
75%
Album 1967 A Whole New Thing
50%
Album 1976 Heard Ya Missed Me, Well I'm Back
50%
Box Set 2013 Higher!
50%
Album 1968 Life
50%
Album 1982 Ain't but the One Way
25%
Album 1979 Back on the Right Track
25%
Album 1975 High on You
25%
Album 1974 Small Talk
25%
Compilation 2002 The Essential Sly & the Family Stone
25%
Collaborative Live Album 2009 The Woodstock Experience
25%
Remix/Cover Album 2005 Different Strokes by Different Folks
0%
Compilation 2010 Listen to the Voices: Sly Stone in the Studio 1965-1970
0%
Live Album 2015 Live at the Fillmore East October 4th & 5th 1968
0%
Compilation 1994 Precious Stone: Sly Stone in the Studio 1963-1965
0%
Compilation 2001 Rare Grooves
0%
Compilation 1994 Rock and Roll
0%
Compilation 1981 Sly & the Family Stone Anthology
0%
Compilation 1979 Ten Years Too Soon
0%
Collaborative Compilation 2011 The Best of Soul Train Live
0%
Box Set 2007 The Collection
0%
Compilation 2001 Who in the Funk Do You Think You Are: The Warner Bros. Recordings
0%
No matching quizzes found
Score Distribution
Percent of People with Each Score
Percentile by Number Answered
Your Score History
You have not taken this quiz